000
00266nam a22001097a 4500
082
_a
297.07 GHA'D
100
_a
GHAZI, UMER FAROOQ
_9
74183
245
_a
DALEEL JADEED ARABI GUIDE
260
_a
RAWALPINDI
_b
MILITARY INTELLIGENCE
_c
1982
300
_a
252P
942
_c
BK
999
_c
579737
_d
579737